000 00888cam a22002771a 4500
999 _c4979
_d4979
001 83768
003 GBCCL
005 20241126110531.0
008 690311s1968 ilu b 001 0 eng
010 _a 68029304 //r952
020 _a0877847118
035 _a(OCoLC)00337379
040 _aDLC
_cDLC
_dLBB
049 _aLBBT
_aLBBA
_aLBBC
050 0 0 _aBT1102
_b.S3 1968b
082 0 0 _a239
_bSCH
090 _aBT1102
_b.S3 1968
100 1 _aSchaeffer, Francis A.
_q(Francis August)
_9441
245 1 4 _aThe God who is there :
_bspeaking historic Christianity into the twentieth century /
_cFrancis A. Schaeffer.
260 _aDowners Grove, Ill. :
_bInter-varsity Press,
_cc1968.
300 _a191 p. ;
_c21 cm.
504 _aIncludes bibliographical references (p. 181-187) and index.
650 0 _aApologetics.
_985
650 0 _aChristianity
_y20th century.
_9436
942 _2ddc
_cBK